000 01021nam a2200205 i 4500
001 182584
003 ES-MaACL
005 20251003063157.0
008 130930s1867 sp a | |||||||| | spa d
100 1 _aBoix, Vicente,
_d1813-1880
_929900
245 1 0 _aCrónica de la provincia de Valencia /
_cpor Vicente Boix.
260 _aMadrid :
_bRubio y Compañía,
_c1867.
300 _aVII, 111 p., [6] h. de lám., [1] h. de mapas :
_bil. ;
_c32 cm.
490 1 _aCrónica general de España, ó sea Historia ilustrada y descriptiva de sus provincias, sus poblaciones más importantes de la península y de Ultramar
651 4 _aValencia (Provincia)-
_xHistoria.
_9153489
651 4 _aValencia (Provincia)-
_xDescripción.
_9153490
830 0 _aCrónica general de España, o sea Historia ilustrada y descriptiva de sus provincias, sus poblaciones más importantes de la península y posesiones de Ultramar
_9224862
852 _aES-MaACL
_jC-1583(1)
_z.- Encuadernado con otras obras
999 _c182584
_d182584